<?xml version="1.0" encoding="UTF-8"?>
<record
    xmlns:xsi="http://www.w3.org/2001/XMLSchema-instance"
    xsi:schemaLocation="http://www.loc.gov/MARC21/slim http://www.loc.gov/standards/marcxml/schema/MARC21slim.xsd"
    xmlns="http://www.loc.gov/MARC21/slim">

  <leader>01768nam a2200313 i 4500</leader>
  <controlfield tag="001">180783</controlfield>
  <controlfield tag="003">ES-MaACL</controlfield>
  <controlfield tag="005">20250727081500.0</controlfield>
  <controlfield tag="008">120711s2010    sp c         |||| |bspa d</controlfield>
  <datafield tag="020" ind1=" " ind2=" ">
    <subfield code="a">978-84-85559-52-7</subfield>
  </datafield>
  <datafield tag="080" ind1=" " ind2=" ">
    <subfield code="a">081 Mara&#xF1;&#xF3;n, Gregorio</subfield>
  </datafield>
  <datafield tag="080" ind1=" " ind2=" ">
    <subfield code="a">929 Mara&#xF1;&#xF3;n, Gregorio</subfield>
  </datafield>
  <datafield tag="100" ind1="1" ind2=" ">
    <subfield code="a">Mara&#xF1;&#xF3;n, Gregorio,</subfield>
    <subfield code="d">1887-1960</subfield>
    <subfield code="9">76311</subfield>
  </datafield>
  <datafield tag="245" ind1="1" ind2="0">
    <subfield code="a">Gregorio Mara&#xF1;&#xF3;n (1887-1960) : </subfield>
    <subfield code="b">miembro de n&#xFA;mero de las reales academias Espa&#xF1;ola, de la Historia, de Bellas Artes de San Fernando, de Ciencias Exactas, F&#xED;sicas y Naturales, Nacional de Medicina y de la Academia Francesa de Ciencias Morales y Pol&#xED;ticas / </subfield>
    <subfield code="c">Antonio L&#xF3;pez Vega (compilador y prologuista).</subfield>
  </datafield>
  <datafield tag="260" ind1=" " ind2=" ">
    <subfield code="a">Madrid : </subfield>
    <subfield code="b">Instituto de Espa&#xF1;a, </subfield>
    <subfield code="c">2010.</subfield>
  </datafield>
  <datafield tag="300" ind1=" " ind2=" ">
    <subfield code="a">344 p. : </subfield>
    <subfield code="b">1 retr. ; </subfield>
    <subfield code="c">25 cm.</subfield>
  </datafield>
  <datafield tag="504" ind1=" " ind2=" ">
    <subfield code="a">Referencias bibliogr&#xE1;ficas.</subfield>
  </datafield>
  <datafield tag="505" ind1="8" ind2=" ">
    <subfield code="a">Contiene: Estado actual de la doctrina de las secreciones internas ; Vocaci&#xF3;n, preparaci&#xF3;n y ambiente biol&#xF3;gico y m&#xE9;dico del padre Feijoo ; Las mujeres y el conde-duque de Olivares ; Cajal ; El Toledo del Greco ; El Romanticismo</subfield>
  </datafield>
  <datafield tag="505" ind1="8" ind2=" ">
    <subfield code="a">Contiene: Mara&#xF1;&#xF3;n, genio y figura / por Diego Gracia . Breve biograf&#xED;a del Excmo. Sr. D. Gregorio Mara&#xF1;&#xF3;n / por Gregorio Mara&#xF1;&#xF3;n y Bertr&#xE1;n de Lis y Antonio L&#xF3;pez Vega</subfield>
  </datafield>
  <datafield tag="600" ind1="1" ind2="4">
    <subfield code="a">Mara&#xF1;&#xF3;n, Gregorio,</subfield>
    <subfield code="d">1887-1960-</subfield>
    <subfield code="v">Homenajes</subfield>
    <subfield code="9">76313</subfield>
  </datafield>
  <datafield tag="700" ind1="1" ind2=" ">
    <subfield code="a">L&#xF3;pez Vega, Antonio,</subfield>
    <subfield code="d">1978-</subfield>
    <subfield code="9">139555</subfield>
  </datafield>
  <datafield tag="700" ind1="1" ind2=" ">
    <subfield code="a">Gracia Guill&#xE9;n, Diego.</subfield>
    <subfield code="9">138825</subfield>
  </datafield>
  <datafield tag="700" ind1="1" ind2=" ">
    <subfield code="a">Mara&#xF1;&#xF3;n y Bertr&#xE1;n de Lis, Gregorio,</subfield>
    <subfield code="d">1942-</subfield>
    <subfield code="9">150936</subfield>
  </datafield>
  <datafield tag="710" ind1="2" ind2=" ">
    <subfield code="a">Instituto de Espa&#xF1;a.</subfield>
    <subfield code="9">4873</subfield>
  </datafield>
  <datafield tag="852" ind1=" " ind2=" ">
    <subfield code="a">ES-MaACL</subfield>
    <subfield code="j">A-12144</subfield>
    <subfield code="9">187687</subfield>
    <subfield code="b">R.147112</subfield>
    <subfield code="c">DEPO1</subfield>
    <subfield code="d">Olim: N-5149</subfield>
    <subfield code="x">Donaci&#xF3;n: Real Academia Espa&#xF1;ola</subfield>
  </datafield>
  <datafield tag="914" ind1=" " ind2=" ">
    <subfield code="9">6336</subfield>
    <subfield code="a">Real Academia Espa&#xF1;ola</subfield>
    <subfield code="e">dnr</subfield>
  </datafield>
  <datafield tag="942" ind1=" " ind2=" ">
    <subfield code="2">udc</subfield>
    <subfield code="c">MONOGRAFIA</subfield>
  </datafield>
  <datafield tag="999" ind1=" " ind2=" ">
    <subfield code="c">180783</subfield>
    <subfield code="d">180783</subfield>
  </datafield>
  <datafield tag="952" ind1=" " ind2=" ">
    <subfield code="0">0</subfield>
    <subfield code="1">0</subfield>
    <subfield code="2">udc</subfield>
    <subfield code="4">0</subfield>
    <subfield code="7">0</subfield>
    <subfield code="a">ATENEOM</subfield>
    <subfield code="b">ATENEOM</subfield>
    <subfield code="c">DEPO1</subfield>
    <subfield code="d">2012-07-11</subfield>
    <subfield code="e">DONACION</subfield>
    <subfield code="l">0</subfield>
    <subfield code="o">A-12144</subfield>
    <subfield code="p">1189973</subfield>
    <subfield code="r">2023-02-23 00:00:00</subfield>
    <subfield code="w">2023-02-23</subfield>
    <subfield code="y">MONOGRAFIA</subfield>
  </datafield>
</record>
